Математические модели управления проектами: учебник

التفاصيل البيبلوغرافية
المؤلف الرئيسي: Царьков И. Н. Игорь Николаевич
مؤلف مشترك: Высшая школа экономики (ВШЭ) Национальный исследовательский университет (НИУ)
الملخص:Математические модели являются частью научного фундамента относительно новой области знаний — управления проектами. Они обеспечивают менеджеров проекта практическими инструментами, позволяющими разрабатывать и оптимизировать расписания проекта, а также настраивать систему его управления таким образом, чтобы повысить эффективность управления.Изложены модели и методы, направленные на оптимизацию проекта через призму их практического использования. Особое внимание уделяется направлениям исследований в этой области и решению задач. Для студентов магистратуры направления "Менеджмент", инженерных специальностей и прикладной математики, студентов бакалавриата, углубленно изучающих эту тему, а также для аспирантов, преподавателей и исследователей, занимающихся управлением проектами. Профессиональные менеджеры проектов и кост-инженеры тоже смогут найти для себя полезные методы.
اللغة:الروسية
منشور في: Москва, Инфра-М, 2018
سلاسل:Высшее образование - Магистратура
الموضوعات:
التنسيق: MixedMaterials كتاب
KOHA link:https://koha.lib.tpu.ru/cgi-bin/koha/opac-detail.pl?biblionumber=341624

MARC

LEADER 00000nam0a2200000 4500
001 341624
005 20231102005350.0
010 |a 9785160128313 
035 |a (RuTPU)RU\TPU\book\369843 
090 |a 341624 
100 |a 20181017d2018 m y0rusy50 ca 
101 0 |a rus 
102 |a RU 
105 |a y j 001zy 
200 1 |a Математические модели управления проектами  |e учебник  |f И. Н. Царьков  |g Высшая школа экономики (ВШЭ), Национальный исследовательский университет (НИУ) 
210 |a Москва  |c Инфра-М  |d 2018 
215 |a 514 с. 
225 1 |a Высшее образование - Магистратура 
320 |a Библиогр. в конце гл. 
320 |a Имен. указ.: с. 505 
320 |a Предм. указ.: с. 506-509 
330 |a Математические модели являются частью научного фундамента относительно новой области знаний — управления проектами. Они обеспечивают менеджеров проекта практическими инструментами, позволяющими разрабатывать и оптимизировать расписания проекта, а также настраивать систему его управления таким образом, чтобы повысить эффективность управления.Изложены модели и методы, направленные на оптимизацию проекта через призму их практического использования. Особое внимание уделяется направлениям исследований в этой области и решению задач. Для студентов магистратуры направления "Менеджмент", инженерных специальностей и прикладной математики, студентов бакалавриата, углубленно изучающих эту тему, а также для аспирантов, преподавателей и исследователей, занимающихся управлением проектами. Профессиональные менеджеры проектов и кост-инженеры тоже смогут найти для себя полезные методы. 
606 1 |a Проектный менеджмент  |2 stltpush  |3 (RuTPU)RU\TPU\subj\69898  |9 84559 
610 1 |a экономика 
610 1 |a управление 
610 1 |a проекты 
610 1 |a математические модели 
610 1 |a проектные модели 
610 1 |a проектное моделирование 
610 1 |a сетевые модели 
610 1 |a расписание 
610 1 |a детерминированные модели 
610 1 |a метод критического пути 
610 1 |a обобщенные модели 
610 1 |a оптимизация 
610 1 |a стоимость 
610 1 |a ограниченные ресурсы 
610 1 |a ограниченные возобновляемые ресурсы 
610 1 |a стохастические модели 
610 1 |a проектные риски 
610 1 |a учебники 
686 |a У9(2)212я73  |v LBC/SL-A  |2 rubbk 
700 1 |a Царьков  |b И. Н.  |g Игорь Николаевич 
712 0 2 |a Высшая школа экономики (ВШЭ)  |b Национальный исследовательский университет (НИУ)  |c (Москва)  |c (2010- )  |2 stltpush  |3 (RuTPU)RU\TPU\col\17951 
801 1 |a RU  |b 63413507  |c 20181017 
801 2 |a RU  |b 63413507  |c 20181116  |g RCR 
942 |c BK